| 000 | 00709cab a2200229 4500 | ||
|---|---|---|---|
| 001 | WB2832-61 | ||
| 008 | 090401t1992 xxu||||| |||| 00| 0 eng d | ||
| 035 | _a(Sirsi) u50 | ||
| 041 | _aeng | ||
| 245 | _aContaminated land registers | ||
| 260 | _c1992 | ||
| 350 | _a0 | ||
| 490 |
_aDoE News Release _v(551) 31 July 1992 (12) |
||
| 520 | _aDraft regulations concerning the compilation of contaminated land registers under Environmental Protection Act 1990 s143 have been published. | ||
| 650 | _aCONTAMINATED LAND REGISTERS | ||
| 650 | _aCONTAMINATIVE USES | ||
| 650 | _aENVIRONMENTAL PROTECTION ACT 1990 S143 | ||
| 650 | _aSECTION 143 REGISTERS | ||
| 690 | _aLAND | ||
| 942 | _n0 | ||
| 948 | _c04/03/1997 | ||
| 999 |
_c21 _d21 |
||